Isidoro Cabanyes y las torres solares.
Tallennettuna:
| Aineistotyyppi: | Elektroninen E-kirja |
|---|---|
| Kieli: | espanja |
| Julkaistu: |
Madrid :
Ministerio de Defensa : Ministerio de Economía y Competitividad,
2014.
|
| Aiheet: | |
| Linkit: | Digitalia Hispánica |
| Tagit: |
Lisää tagi
Ei tageja, Lisää ensimmäinen tagi!
|
MARC
| LEADER | 00000nam a2200000Ii 4500 | ||
|---|---|---|---|
| 001 | DIGMECON0009 | ||
| 003 | NyNyDIG | ||
| 007 | cr ||||||||||| | ||
| 008 | 221221s2014 sp a o 001 0 spa d | ||
| 006 | m o d | ||
| 035 | |a (OCoLC)932336627 | ||
| 040 | |a DGITA |b eng |e rda |e pn |c DGITA | ||
| 043 | |a e-sp--- | ||
| 020 | |a 9788492546084 |q edición en línea | ||
| 020 | |a 9788492546077 |q edición libro-e | ||
| 020 | |z 9788492546060 |q edición papel | ||
| 020 | |a 9788497819930 |q edición en línea | ||
| 020 | |a 9788497819855 |q edición libro-e | ||
| 020 | |z 9788497819848 |q edición papel | ||
| 024 | 7 | |a 720-14-097-1 |2 nipo |q MECON | |
| 024 | 7 | |a 720-14-098-7 |q e-NIPO |2 nipo |q MECON | |
| 024 | 7 | |a 720-14-099-2 |q e-NIPO |2 nipo |q MECON | |
| 024 | 7 | |a 083-14-190-5 |2 nipo |q MECON | |
| 024 | 7 | |a 083-14-191-0 |q e-NIPO |2 nipo |q MECON | |
| 024 | 7 | |a 083-14-189-2 |q e-NIPO |2 nipo |q MECON | |
| 050 | 1 | 4 | |a TJ809.95 ebook |
| 245 | 0 | 0 | |a Isidoro Cabanyes y las torres solares. |
| 264 | 1 | |a Madrid : |b Ministerio de Defensa : |b Ministerio de Economía y Competitividad, |c 2014. | |
| 300 | |a 1 online resource : |b illustrations. | ||
| 336 | |a text |b txt |2 rdacontent | ||
| 337 | |a computer |b c |2 rdamedia | ||
| 338 | |a online resource |b cr |2 rdacarrier | ||
| 347 | |a text file |2 rdaft | ||
| 347 | |b EPUB | ||
| 500 | |a Includes index. | ||
| 588 | 0 | |a Online resource; title from ePub title page (Digitalia, viewed December 21, 2022) | |
| 600 | 1 | 0 | |a Cabanyes, Isidoro, |d 1843-1915. |
| 650 | 0 | |a Solar energy |x History |z Spain. | |
| 791 | 2 | |a Digitalia (Firm), |e distributor. | |
| 793 | 0 | |g Digitalia eBook Collection: |a Ministerio de Economia y Competitividad de España | |
| 776 | 0 | 8 | |i Print version: |t Isidoro Cabanyes y las torres solares. |d Madrid : Ministerio de Defensa : Ministerio de Economía y Competitividad, 2014 |z 9788492546060 |
| 856 | 4 | 0 | |3 Digitalia Hispánica |u https://digitalia.unach.elogim.com/a/61867/ |
| 910 | |a Premium collection: 2022 | ||